Países que começam com a letra "S" - Statistics

Estatísticas Gerais
  • Esse quiz foi jogado 997 vezes
  • A pontuação média é 15 de 20
Estatísticas das Respostas
Países % Correto
SOMÁLIA
88%
SUÉCIA
88%
SUÍÇA
88%
SENEGAL
85%
SURINAME
85%
SUDÃO
82%
SÉRVIA
80%
SUDÃO DO SUL
80%
SAMOA
79%
SINGAPURA
78%
SANTA LÚCIA
75%
SÍRIA
75%
SÃO VICENTE E GRANADINAS
72%
SÃO CRISTÓVÃO E NEVES
71%
SÃO TOMÉ E PRÍNCIPE
70%
SEICHELES
70%
SRI LANKA
70%
SUAZILÂNDIA
70%
SAN MARINO
69%
SERRA LEOA
63%
Nenhum quiz correspondente encontrado
Distribuição das Pontuações
Porcentagem de Pessoas com Cada Pontuação
Percentil de Números Respondidos
Sua Pontuação Histórica
Você não jogou esse quiz